00377 2200157 4500001002100000005001500021035002000036245002800056100001800084300003000102260003100132082000800163084001400171020002200185990001200207INLIS00000000000186620250515111511 a0010-05250001581 aEnough /cJohn C. Bogle0 aJohn C. Bogle a374 hlm ;c11,5 x 17,5 cm aJakarta :bLiterati,c2011 a100 a100 JOH e a978-602-8740-19-7 a0754814